| Tag |
First Indicator |
Second Indicator |
Subfields |
| LEADER |
00000cgm a2200000Mi 4500 |
| 001 |
in00005553821 |
| 006 |
m o c |
| 007 |
cr |n||||||||a |
| 007 |
vz |za|z| |
| 008 |
201013s2019 nik003 e o vneng d |
| 005 |
20241201230748.1 |
| 035 |
|
|
|a (OCoLC)on1204120181
|
| 040 |
|
|
|a ALSTP
|b eng
|e rda
|c ALSTP
|d OCLCO
|d OCLCF
|d OCLCO
|d OCLCQ
|d DXU
|
| 019 |
|
|
|a 1373459772
|a 1444003649
|
| 035 |
|
|
|a (OCoLC)1204120181
|z (OCoLC)1373459772
|z (OCoLC)1444003649
|
| 049 |
|
|
|a TXAM
|
| 245 |
0 |
0 |
|a Google Forms.
|p Send your Google Form /
|c made by Makematic in partnership with AppsEvents.
|
| 246 |
3 |
|
|a Google.
|p Forms.
|n 5,
|p Sending your Google Form
|
| 264 |
|
1 |
|a Derry, Northern Ireland :
|b Makematic,
|c 2019.
|
| 300 |
|
|
|a 1 online resource (3 minutes)
|
| 306 |
|
|
|a 000237
|
| 336 |
|
|
|a two-dimensional moving image
|b tdi
|2 rdacontent
|
| 337 |
|
|
|a computer
|b c
|2 rdamedia
|
| 337 |
|
|
|a video
|b v
|2 rdamedia
|
| 338 |
|
|
|a online resource
|b cr
|2 rdacarrier
|
| 347 |
|
|
|a video file
|2 rda
|
| 490 |
0 |
|
|a Academic Video Online
|
| 500 |
|
|
|a Title from resource description page (viewed October 13, 2020).
|
| 520 |
|
|
|a Ben explains how to share your Google Form and the different options and ways to send your form to someone for them to fill it out.
|
| 546 |
|
|
|a In English.
|
| 630 |
0 |
0 |
|a Google Forms (Electronic resource)
|
| 630 |
0 |
0 |
|a Google Apps.
|
| 630 |
0 |
7 |
|a Google Apps.
|2 fast
|0 (OCoLC)fst01783175
|
| 650 |
|
0 |
|a Computer file sharing.
|
| 650 |
|
0 |
|a Internet surveys.
|
| 650 |
|
0 |
|a Web applications.
|
| 650 |
|
0 |
|a Cloud computing.
|
| 650 |
|
6 |
|a Partage de fichiers (Informatique)
|
| 650 |
|
6 |
|a Sondages sur Internet.
|
| 650 |
|
6 |
|a Applications Web.
|
| 650 |
|
6 |
|a Infonuagique.
|
| 650 |
|
7 |
|a Cloud computing.
|2 fast
|0 (OCoLC)fst01745899
|
| 650 |
|
7 |
|a Computer file sharing.
|2 fast
|0 (OCoLC)fst01762114
|
| 650 |
|
7 |
|a Internet surveys.
|2 fast
|0 (OCoLC)fst01744644
|
| 650 |
|
7 |
|a Web applications.
|2 fast
|0 (OCoLC)fst01895855
|
| 655 |
|
7 |
|a Instructional films.
|2 fast
|0 (OCoLC)fst01726236
|
| 655 |
|
7 |
|a Instructional films.
|2 lcgft
|
| 655 |
|
7 |
|a Films de formation.
|2 rvmgf
|
| 710 |
2 |
|
|a Makematic (Firm),
|e production company.
|
| 856 |
4 |
0 |
|u http://proxy.library.tamu.edu/login?url=https://www.aspresolver.com/aspresolver.asp?MARC;5076382
|z Connect to this streaming video (Alexander Street Press)
|t 0
|
| 955 |
|
|
|a Alexander Street Press subscription streaming video
|
| 994 |
|
|
|a 92
|b TXA
|
| 999 |
f |
f |
|s d6d2ae1a-58e1-4d3b-8f19-8c52e0fe8973
|i 4cf23e6c-c53b-4b2a-bb83-6ce4debc180a
|t 0
|
| 952 |
f |
f |
|a Texas A&M University
|b College Station
|c Electronic Resources
|d Available Online
|t 0
|h Library of Congress classification
|
| 998 |
f |
f |
|t 0
|l Available Online
|